| 000 | 00000nam##2200000za#4500 |
| 001 | 9.569129 |
| 003 | CaOODSP |
| 005 | 20210624181622 |
| 007 | cr ||||||||||| |
| 008 | 150406|2001||||xxc|||||o f|0| 0 eng|d |
| 040 | |aCaOODSP|beng |
| 043 | |an-cn--- |
| 086 | 1 |aBT31-4/11-2001E-PDF |
| 110 | 1 |aCanada. |bTreasury Board. |
| 245 | 10|aRoyal Canadian Mounted Police, performance report for the period ending March 31, 2001 |h[electronic resource] |
| 246 | 3 |a2000/2001 performance report, Royal Canadian Mounted Police |
| 260 | |aOttawa - Ontario : |bTreasury Board of Canada Secretariat |cc2001. |
| 300 | |a64p.|bgraphs, illus., tables, photographs, index |
| 490 | 1 |aPerformance report for the period ending March 31, 2001 |vFor the period ending March 31, 2001 |
| 590 | |a11-04-Supp|b2011-02-17 |
| 775 | 08|tGendarmerie royale du Canada, rapport sur le rendement pour la période se terminant le 31 mars 2001 |w(CaOODSP)9.600368 |
| 776 | 0#|tRoyal Canadian Mounted Police |w(CaOODSP)9.535612 |
| 776 | 0#|tGendarmerie royale du Canada |w(CaOODSP)9.535613 |
| 830 | #0|aPerformance report for the period ending March 31, 2001 ;|vFor the period ending March 31, 2001|w(CaOODSP)9.506311 |
| 856 | 40|ahttp://publications.gc.ca|qPDF|s890 KB|uhttps://publications.gc.ca/collections/Collection/BT31-4-11-2001E.pdf|yFor the period ending March 31, 2001 |